000 00950 a2200205 4500
001 59469
005 20260407155848.0
008 260407a1970 arg spa d
003 AR-UNSa-BCEJYS
040 _aAR-UNSa-BCEJYS
_bspa
_cAR-UNSa-BCEJYS
080 _a330.34(7/8)
_xDesarrollo Económico de América Latina
245 1 0 _aTransformación y desarrollo
_pLa gran tarea de banco interamericano de desarrollo
264 1 _aMéxico :
_bFondo de Cultura Económica
_c1970
300 _a305 p.
_c21 cm.
505 _a1. El desarrollo latinoamericano y sus problemas - 2. La insuficiencia dinámica y su corrección - 3. Cooperación internacional y dependencia - 4. El sistema económico y su transformación - 5. Conclusiones para la acción -
942 _cBK
590 _aniveau_biblio:m niveau_hierar:0
100 1 _aPrebisch, Raúl
700 1 _aBanco Interamericano de Desarrollo. Instituto para la Integración de América Latina (BID-INTAL)
999 _c6699
_d6699